000 00985 a2200193 4500
001 48771
005 20260407155753.0
008 260407a1971 arg spa d
003 AR-UNSa-BCEJYS
040 _aAR-UNSa-BCEJYS
_bspa
_cAR-UNSa-BCEJYS
080 _a338.2
_xPolítica económica. Control de la economía. Gestión de la economía. Planificación económica
245 1 0 _aEconomía positiva y objetivos de política económica
264 1 _aBarcelona :
_bVicens-Vives
_c1971
300 _a240 p.
_c21 cm.
505 _aPRIMERA PARTE: ¿Economía positiva?: 1. La distinción positivo-normativa en la Historia del pensamiento económico - 2. Origen e importancia de los juicios de valor y de la parcialidad en la Ciencia Económica - SEGUNDA PARTE: 3. Los objetivos de las políticas económicas. Una revisión histórica - 4. La formulación de objetivos y de preferencias políticas.
942 _cBK
590 _aniveau_biblio:m niveau_hierar:0
100 1 _aHutchison, T.W.
999 _c4708
_d4708